| 000 | 00591nam a2200193 a 4500 | ||
|---|---|---|---|
| 001 | 23997 | ||
| 003 | CO-ViMGA | ||
| 008 | 141112s2004 ck r 000 u spa d | ||
| 020 | _a978970686293 | ||
| 040 |
_aCO-ViMGA _bspa _cCO-ViMGA |
||
| 082 | 0 | 4 | _a170 E742 |
| 100 | 1 |
_aHernando Baqueiro, Alberto _934874 |
|
| 245 | 1 | 0 |
_aética actual y profesional . Lecturas para la convivencia global en el siglo xxI / _cAlberto Hernando Baqueiro |
| 260 |
_aMéxico : _bCengage |
||
| 300 | _a460p | ||
| 650 | 1 | 4 |
_aCONVIVENCIA - SIGLO XXI _934875 |
| 650 | 1 | 4 |
_aética - SIGLO XXI _934876 |
| 942 |
_2ddc _cBK |
||
| 999 |
_c32058 _d32058 |
||